[Event "Nizhnij Novgorod Region-ch"]
[Site "Nizhnij Novgorod"]
[Date "2013.10.19"]
[Round "4"]
[White "Frolov, Nikolai"]
[Black "Appanov, Artem"]
[Result "1-0"]
[WhiteElo "2017"]
[BlackElo "1775"]
[PlyCount "35"]
[EventDate "2013.10.19"]
[EventType "swiss"]
[EventRounds "9"]
[EventCountry "RUS"]
[SourceTitle "EXT 2022"]
[Source "ChessBase"]
[SourceDate "2021.10.06"]
[SourceVersion "1"]
[SourceVersionDate "2021.10.06"]
[SourceQuality "1"]

1. d4 d5 2. c4 c6 3. Nc3 Nf6 4. Nf3 dxc4 5. a4 Bf5 6. e3 e6 7. Bxc4 Bb4 8. Qb3 Qe7 9. 0-0 0-0 10. h3 Rd8 11. Nh4 Be4 12. Nxe4 Nxe4 13. Nf3 Nd7 14. Bd3 Nef6 15. e4 e5 16. Bg5 exd4 17. e5 Nxe5 18. Nxe5 1-0

[Event "Nizhnij Novgorod Region-ch"]
[Site "Nizhnij Novgorod"]
[Date "2013.10.19"]
[Round "9"]
[White "Markovsky, Georgy"]
[Black "Frolov, Nikolai"]
[Result "1/2-1/2"]
[WhiteElo "1787"]
[BlackElo "2017"]
[PlyCount "31"]
[EventDate "2013.10.19"]
[EventType "swiss"]
[EventRounds "9"]
[EventCountry "RUS"]
[SourceTitle "EXT 2022"]
[Source "ChessBase"]
[SourceDate "2021.10.06"]
[SourceVersion "1"]
[SourceVersionDate "2021.10.06"]
[SourceQuality "1"]

1. e4 d5 2. exd5 Qxd5 3. Nc3 Qd8 4. Nf3 c6 5. Be2 Bg4 6. h3 Bxf3 7. Bxf3 Nd7 8. 0-0 e6 9. d4 Qc7 10. a3 Ngf6 11. Re1 Bd6 12. Bg5 h6 13. Bxf6 Nxf6 14. d5 0-0-0 15. Ne4 Nxe4 16. Rxe4 1/2-1/2

[Event "Nizhnij Novgorod op"]
[Site "Nizhnij Novgorod"]
[Date "2010.??.??"]
[Round "?"]
[White "Frolov, Nikolai"]
[Black "Mylnikov, Vasily"]
[Result "1-0"]
[WhiteElo "2059"]
[BlackElo "1725"]
[PlyCount "89"]
[EventDate "2010.10.02"]
[EventType "swiss"]
[EventRounds "9"]
[EventCountry "RUS"]
[SourceTitle "EXT 2011"]
[Source "ChessBase"]
[SourceDate "2010.11.26"]
[SourceVersion "1"]
[SourceVersionDate "2010.11.26"]
[SourceQuality "1"]

1. d4 d5 2. c4 c6 3. Nf3 Nf6 4. Nc3 e6 5. Bf4 dxc4 6. a4 Bb4 7. e3 b5 8. Be2 Bb7 9. 0-0 a6 10. Qc2 0-0 11. h3 Nbd7 12. b3 Bxc3 13. Qxc3 Nd5 14. Qc2 Nxf4 15. exf4 cxb3 16. Qxb3 Nb6 17. a5 Nd7 18. Rfc1 Rc8 19. Qe3 c5 20. dxc5 Qe7 21. c6 Rxc6 22. Rd1 Rc7 23. Nd4 Nf6 24. Qe5 Rfc8 25. Bf3 Bxf3 26. Nxf3 Rd7 27. Rd4 Qd8 28. Rad1 Rxd4 29. Rxd4 Qxa5 30. Ng5 Rd8 31. Kh2 Rxd4 32. Qxd4 Qc7 33. g3 Nd5 34. f5 Qe7 35. h4 h6 36. Nf3 Nc7 37. Qe4 Kf8 38. fxe6 Qxe6 39. Qb7 Qd6 40. Qc8+ Ke7 41. Qf5 Qe6 42. Qc5+ Kd7 43. Ne5+ Kc8 44. Nc6 Qd5 45. Ne7+ 1-0

[Event "Nizhnij Novgorod op"]
[Site "Nizhnij Novgorod"]
[Date "2010.??.??"]
[Round "?"]
[White "Frolov, Nikolai"]
[Black "Ryabov, Alexander"]
[Result "0-1"]
[WhiteElo "2059"]
[BlackElo "1964"]
[PlyCount "108"]
[EventDate "2010.10.02"]
[EventType "swiss"]
[EventRounds "9"]
[EventCountry "RUS"]
[SourceTitle "EXT 2011"]
[Source "ChessBase"]
[SourceDate "2010.11.26"]
[SourceVersion "1"]
[SourceVersionDate "2010.11.26"]
[SourceQuality "1"]

1. d4 Nf6 2. c4 g6 3. Nc3 Bg7 4. e4 d6 5. Be2 0-0 6. Bg5 h6 7. Be3 Nbd7 8. g4 Ne8 9. h4 c6 10. Qd2 Kh7 11. f4 e5 12. f5 exd4 13. Bxd4 Bxd4 14. Qxd4 Qb6 15. Qxb6 axb6 16. g5 h5 17. f6 Ne5 18. 0-0-0 Be6 19. b3 Rd8 20. Kb2 Nc7 21. Na4 Na8 22. Nh3 Rfe8 23. Nf2 Kg8 24. Rd2 Rd7 25. Rhd1 Red8 26. Kc3 Kf8 27. a3 Ke8 28. Nd3 Nxd3 29. Rxd3 Kf8 30. R1d2 Ke8 31. Nb2 Nc7 32. b4 b5 33. Re3 bxc4 34. a4 b5 35. a5 Na6 36. Rd4 c5 37. bxc5 dxc5 38. Rxd7 Rxd7 39. Kc2 Nb4+ 40. Kc1 Ra7 41. Ra3 Nc6 42. a6 Nb4 43. Ra5 Bd7 44. Nxc4 bxc4 45. Bxc4 Bc8 46. Rxc5 Bxa6 47. Bxa6 Rxa6 48. Rc8+ Kd7 49. Rf8 Nd3+ 50. Kc2 Ne5 51. Kc3 Kd6 52. Kd4 Ra7 53. Rd8+ Rd7 54. Ra8 Nc6+ 0-1

[Event "Nizhnij Novgorod-ch HL"]
[Site "Nizhnij Novgorod"]
[Date "2009.11.14"]
[Round "?"]
[White "Frolov, Nikolai"]
[Black "Mikheev, Dmitry"]
[Result "0-1"]
[WhiteElo "2062"]
[BlackElo "2092"]
[PlyCount "94"]
[EventDate "2009.11.14"]
[EventType "swiss"]
[EventRounds "9"]
[EventCountry "RUS"]
[SourceTitle "EXT 2022"]
[Source "ChessBase"]
[SourceDate "2021.10.06"]
[SourceVersion "1"]
[SourceVersionDate "2021.10.06"]
[SourceQuality "1"]

1. d4 d5 2. c4 c6 3. Nc3 Nf6 4. cxd5 cxd5 5. Bf4 Nc6 6. e3 Bf5 7. Nf3 e6 8. Qb3 Bb4 9. Bb5 0-0 10. Bxc6 Bxc3+ 11. Qxc3 Rc8 12. Ne5 Ne4 13. Qb4 bxc6 14. 0-0 f6 15. Nf3 g5 16. Bg3 g4 17. Nh4 a5 18. Qa3 Bg6 19. Nxg6 hxg6 20. Rfc1 Qb6 21. Rc2 c5 22. dxc5 Rxc5 23. Rxc5 Nxc5 24. Rc1 Ne4 25. Bc7 Rc8 26. Qe7 Qd6 27. Qxd6 Nxd6 28. Rc5 Ne4 29. Rc6 e5 30. f3 gxf3 31. gxf3 Ng5 32. Kf2 Kf7 33. Rc3 d4 34. exd4 exd4 35. Rd3 Rxc7 36. Rxd4 Rc2+ 37. Kg3 Rxb2 38. Ra4 Rb5 39. h4 Ne6 40. Rc4 Rc5 41. Ra4 f5 42. Ra3 Kf6 43. Rd3 Rc4 44. Rd5 Ra4 45. Rd2 Rd4 46. Rb2 a4 47. Rb5 Rd2 0-1

[Event "Nizhnij Novgorod-ch HL"]
[Site "Nizhnij Novgorod"]
[Date "2009.11.14"]
[Round "?"]
[White "Frolov, Nikolai"]
[Black "Stepanushkin, Alexander"]
[Result "1-0"]
[WhiteElo "2062"]
[BlackElo "2024"]
[PlyCount "71"]
[EventDate "2009.11.14"]
[EventType "swiss"]
[EventRounds "9"]
[EventCountry "RUS"]
[SourceTitle "EXT 2022"]
[Source "ChessBase"]
[SourceDate "2021.10.06"]
[SourceVersion "1"]
[SourceVersionDate "2021.10.06"]
[SourceQuality "1"]

1. d4 Nf6 2. c4 c5 3. d5 e6 4. Nc3 exd5 5. cxd5 d6 6. e4 g6 7. Bd3 Bg7 8. Nge2 0-0 9. 0-0 Na6 10. Bg5 Qb6 11. Qd2 Re8 12. Kh1 c4 13. Bb1 Ng4 14. Ng3 h6 15. Bf4 g5 16. Be3 Nxe3 17. fxe3 Be5 18. Nge2 Nc5 19. Nd4 Kg7 20. Bc2 Qd8 21. Qe2 g4 22. g3 h5 23. Nf5+ Bxf5 24. Rxf5 Rh8 25. Raf1 f6 26. Nb5 Bxb2 27. Nd4 Rh6 28. Qxc4 Qe7 29. Rg5+ Kh7 30. e5+ Kh8 31. Nf5 Qf8 32. Nxh6 Qxh6 33. Rg6 Qxe3 34. Qf4 Qxf4 35. Rxf4 Bxe5 36. Rf5 1-0

[Event "Nizhnij Novgorod Region-ch op"]
[Site "Nizhnij Novgorod"]
[Date "2008.10.??"]
[Round "8"]
[White "Frolov, Nikolai"]
[Black "Mylnikov, Vasily"]
[Result "1-0"]
[WhiteElo "2087"]
[BlackElo "1614"]
[PlyCount "79"]
[EventDate "2008.10.04"]
[EventType "swiss"]
[EventRounds "9"]
[EventCountry "RUS"]
[SourceTitle "EXT 2022"]
[Source "ChessBase"]
[SourceDate "2021.10.06"]
[SourceVersion "1"]
[SourceVersionDate "2021.10.06"]
[SourceQuality "1"]

1. d4 Nf6 2. c4 e6 3. Nc3 Bb4 4. e3 b6 5. Nf3 Bb7 6. Be2 0-0 7. 0-0 Bxc3 8. bxc3 d6 9. Nd2 Nbd7 10. f3 e5 11. e4 Qe7 12. Qe1 Nh5 13. g3 g6 14. Bd1 Kh8 15. Ba4 a5 16. Bxd7 Qxd7 17. Rb1 Rg8 18. Rf2 Qe7 19. Nf1 f5 20. c5 Ra6 21. cxd6 cxd6 22. d5 f4 23. g4 Nf6 24. Rfb2 Nd7 25. c4 h5 26. h3 Rc8 27. Qc3 Qh4 28. Rh2 Kh7 29. Ba3 Qf6 30. Rhb2 Kg8 31. Kg2 Rc7 32. Qd3 Ra8 33. Qe2 Ba6 34. Nd2 Rac8 35. Qf2 Bxc4 36. Rxb6 Nxb6 37. Rxb6 Rd7 38. Rc6 Rxc6 39. dxc6 Rd8 40. Nxc4 1-0